000 00487nam a2200145Ia 4500
008 090124s9999 xx 000 0 und d
082 _b124701
245 _a योगी अ.ल.भागवतांची अमृतवाणी
250 _a1
260 _c1984
300 _a1055
630 _a योगी अ.ल.भागवतांची अमृतवाणी
730 _a योगी अ.ल.भागवतांची अमृतवाणी
942 _cBOOK
999 _c170788
_d170788